<?xml version="1.0" encoding="UTF-8"?>
<record
    xmlns:xsi="http://www.w3.org/2001/XMLSchema-instance"
    xsi:schemaLocation="http://www.loc.gov/MARC21/slim http://www.loc.gov/standards/marcxml/schema/MARC21slim.xsd"
    xmlns="http://www.loc.gov/MARC21/slim">

  <leader>00510nam a22001697a 4500</leader>
  <datafield tag="999" ind1=" " ind2=" ">
    <subfield code="c">18925</subfield>
    <subfield code="d">18925</subfield>
  </datafield>
  <controlfield tag="008">210429b        xxu||||| |||| 00| 0 eng d</controlfield>
  <datafield tag="020" ind1=" " ind2=" ">
    <subfield code="a">126028851X</subfield>
  </datafield>
  <datafield tag="050" ind1=" " ind2=" ">
    <subfield code="a">RB113</subfield>
    <subfield code="b">.H36 2019 c.1</subfield>
  </datafield>
  <datafield tag="100" ind1=" " ind2=" ">
    <subfield code="a">Hammer, Gary D.</subfield>
  </datafield>
  <datafield tag="245" ind1=" " ind2=" ">
    <subfield code="a">Pathophysiology of disease</subfield>
    <subfield code="b">an introduction to clinical medicine </subfield>
    <subfield code="c">Gary D. Hammer</subfield>
  </datafield>
  <datafield tag="250" ind1=" " ind2=" ">
    <subfield code="a">8th ed.</subfield>
    <subfield code="b">International edition </subfield>
  </datafield>
  <datafield tag="260" ind1=" " ind2=" ">
    <subfield code="a">New York</subfield>
    <subfield code="b">McGrawHill</subfield>
    <subfield code="c">2019</subfield>
  </datafield>
  <datafield tag="300" ind1=" " ind2=" ">
    <subfield code="a">xiv, 814p.</subfield>
  </datafield>
  <datafield tag="650" ind1=" " ind2=" ">
    <subfield code="a">Pathophysiology</subfield>
  </datafield>
  <datafield tag="700" ind1=" " ind2=" ">
    <subfield code="a">Stephen J. McPhee</subfield>
  </datafield>
  <datafield tag="942" ind1=" " ind2=" ">
    <subfield code="2">lcc</subfield>
    <subfield code="c">BK</subfield>
  </datafield>
  <datafield tag="952" ind1=" " ind2=" ">
    <subfield code="0">0</subfield>
    <subfield code="1">0</subfield>
    <subfield code="2">lcc</subfield>
    <subfield code="7">0</subfield>
    <subfield code="a">KABU</subfield>
    <subfield code="b">KABU</subfield>
    <subfield code="d">2021-04-29</subfield>
    <subfield code="g">5777.00</subfield>
    <subfield code="l">8</subfield>
    <subfield code="o">RB113 .H36 2019 c.1</subfield>
    <subfield code="p">029803</subfield>
    <subfield code="r">2026-03-23 11:05:22</subfield>
    <subfield code="s">2026-02-27</subfield>
    <subfield code="w">2021-04-29</subfield>
    <subfield code="y">BK</subfield>
  </datafield>
  <datafield tag="952" ind1=" " ind2=" ">
    <subfield code="0">0</subfield>
    <subfield code="1">0</subfield>
    <subfield code="2">lcc</subfield>
    <subfield code="7">0</subfield>
    <subfield code="a">KABU</subfield>
    <subfield code="b">KABU</subfield>
    <subfield code="d">2021-04-29</subfield>
    <subfield code="g">5777.00</subfield>
    <subfield code="l">5</subfield>
    <subfield code="m">1</subfield>
    <subfield code="o">RB113 .H36 2019 c.2</subfield>
    <subfield code="p">029804</subfield>
    <subfield code="r">2026-05-13 19:33:08</subfield>
    <subfield code="s">2026-02-10</subfield>
    <subfield code="w">2021-04-29</subfield>
    <subfield code="y">BK</subfield>
  </datafield>
  <datafield tag="952" ind1=" " ind2=" ">
    <subfield code="0">0</subfield>
    <subfield code="1">0</subfield>
    <subfield code="2">lcc</subfield>
    <subfield code="7">0</subfield>
    <subfield code="a">KABU</subfield>
    <subfield code="b">KABU</subfield>
    <subfield code="d">2021-04-29</subfield>
    <subfield code="g">5777.00</subfield>
    <subfield code="l">6</subfield>
    <subfield code="m">2</subfield>
    <subfield code="o">RB113 .H36 2019 c.3</subfield>
    <subfield code="p">029805</subfield>
    <subfield code="r">2026-03-01 16:30:35</subfield>
    <subfield code="s">2026-02-12</subfield>
    <subfield code="w">2021-04-29</subfield>
    <subfield code="y">BK</subfield>
  </datafield>
  <datafield tag="952" ind1=" " ind2=" ">
    <subfield code="0">0</subfield>
    <subfield code="1">0</subfield>
    <subfield code="2">lcc</subfield>
    <subfield code="7">0</subfield>
    <subfield code="a">KABU</subfield>
    <subfield code="b">KABU</subfield>
    <subfield code="d">2021-04-29</subfield>
    <subfield code="g">5777.00</subfield>
    <subfield code="l">5</subfield>
    <subfield code="o">RB113 .H36 2019 c.4</subfield>
    <subfield code="p">029806</subfield>
    <subfield code="r">2023-06-26 00:00:00</subfield>
    <subfield code="s">2023-06-14</subfield>
    <subfield code="w">2021-04-29</subfield>
    <subfield code="y">BK</subfield>
  </datafield>
  <datafield tag="952" ind1=" " ind2=" ">
    <subfield code="0">0</subfield>
    <subfield code="1">0</subfield>
    <subfield code="2">lcc</subfield>
    <subfield code="7">0</subfield>
    <subfield code="a">KABU</subfield>
    <subfield code="b">KABU</subfield>
    <subfield code="d">2021-04-29</subfield>
    <subfield code="g">5777.00</subfield>
    <subfield code="l">5</subfield>
    <subfield code="m">1</subfield>
    <subfield code="o">RB113 .H36 2019 c.5</subfield>
    <subfield code="p">029807</subfield>
    <subfield code="r">2025-03-15 15:35:58</subfield>
    <subfield code="s">2025-02-04</subfield>
    <subfield code="w">2021-04-29</subfield>
    <subfield code="y">BK</subfield>
  </datafield>
</record>
